=LDR 00000nam 2200000 4500 =001 INLIS000000000003574 =005 20130612091857 =008 ***********************************Ind** =035 ##$$0010-061300000003574 =041 ##$$a Ind =082 ##$$a 617.6 =090 ##$$a 617.6, Ban f =100 ##$$a Banks, Peter =245 ##$$a Fraktur pada mandibulan menurut Hilley, buku pegangan dokter gigi, Peter Banks; penerjemah, Wahyono =260 ##$$a 1992 $b Yogyakarta =300 ##$$a vii, 156 hlm., ilus., 21 cm =650 ##$$a Kedokteran gigi =700 ##$$a Wahyono =850 ##$$a NBPNMAT